000 00349nam a2200157Ia 4500
003 SGT
020 _a9780070151536
082 _a519.5
_bSPI
100 _aSPIEGEL,MURRAY R
245 _aSCHAUM'S OUTLINES STATISTICS
250 _a4th Ed.
260 _bTMH
_aN.Delhi
_c2012
300 _aVPp.
650 _aMATHEMATICS, STATISTICS
942 _2ddc
_cFCM
999 _c6276
_d6276